000 00692nam a2200217 a 4500
999 _c3546
_d3546
001 3546
003 BD-JhCC
005 20171114194036.0
008 171114s1960 bg |||| ||a| 000 0 ben d
035 _a(BD-JhCC) 3546
040 _aBD-JhCC
_dBD-JhCC
041 _aben
082 _a891.4409
_bAHM 1960
100 _aআহমদ, কাজি আফসারউদদিন
245 _aসাহিত্যের পরিধি /
_c কাজি আফসারউদদিন আহমদ
260 _aঢাকা :
_bকোহিনূর লাইব্রেরী ,
_c1960
300 _a151 p .:
_c22 cm .
650 _aBengali literature
942 _2ddc
_cBK